| 000 | 00490pab a2200181 454500 | ||
|---|---|---|---|
| 008 | 180718b2014 xxu||||| |||| 00| 0 eng d | ||
| 100 | _aGupta, Arun et al | ||
| 245 | _aManipulation by association: Is the private sector undermining nutrition? | ||
| 260 | _c2014 | ||
| 300 | _ap.18-21. | ||
| 362 | _a26 Jul | ||
| 650 | _aPublic private partnerships | ||
| 650 | _aPrivate sector | ||
| 650 | _aNutrition | ||
| 773 | _aEconomic and Political Weekly | ||
| 908 | _aN | ||
| 909 | _a104737 | ||
| 999 |
_c104732 _d104732 |
||